| 000 | 00504nam a2200169 a 4500 | ||
|---|---|---|---|
| 001 | 2685 | ||
| 003 | CDMR | ||
| 005 | 20130314190211.0 | ||
| 008 | 130130s1988||||||||||||||||||||||||||||d | ||
| 020 | _a8476580770 | ||
| 040 |
_aCDMR _bcat _cCDMR |
||
| 100 | 1 |
_aElorza, Antonio _92015 |
|
| 245 | 1 | 0 |
_aLuis Bagaría _b: el humor y la política _cAntonio Elorza ; prólogo de Ricardo Fuente ; epílogo de Pierre Vilar |
| 260 |
_aBarcelona _c1988 _bAnthropos |
||
| 490 | 0 |
_aConciencia y libertad _v7 |
|
| 942 |
_cMON _2udc |
||
| 999 |
_c2685 _d2685 |
||